Score 0/24 Timer 06:00
1 Play Today
% Correct
Pirates of the Caribbean: The Curse of the Black Pearl
92.3%
The Lord of the Rings: The Two Towers
91.1%
The Green Mile
85.8%
The Da Vinci Code
85.1%
Twister
84%
The Hangover Part II
83%
Raiders of the Lost Ark
81.6%
Troy
78%
Godzilla (2014)
73.4%
The Mummy Returns
70.9%
Walk the Line
69.1%
Hannibal
66.5%
% Correct
Ben-Hur (2016)
62.6%
Where the Wild Things Are
56.3%
No Country for Old Men
51.2%
Resident Evil: Afterlife
46.2%
Dinosaur
44.3%
Wanted
42.7%
Mission: Impossible - Ghost Protocol
37.7%
The Conjuring
36.4%
Legends of the Fall
34%
Hidalgo
32.1%
The English Patient
31.2%
Trumbo
27%
Remove Ads.
Support Sporcle.
Get the best of Sporcle when you Go Orange. This ad-free experience offers more features, more stats, and more fun while also helping to support Sporcle. Thank you for becoming a member.

You're not logged in!

Compare scores with friends on all Sporcle quizzes.
OR
Log In

Show Comments

Extras

Top Quizzes Today


Score Distribution

Your Account Isn't Verified!

In order to create a playlist on Sporcle, you need to verify the email address you used during registration. Go to your Sporcle Settings to finish the process.

Report this User

Report this user for behavior that violates our Community Guidelines.

Details: